Bfdi: Guess the bfdi character by real image - Statistics

General Stats
  • This quiz has been taken 816 times
  • The average score is 17 of 20
Answer Stats
Picture Answer % Correct
Flower
100%
Firey
98%
Spongy
97%
Match
90%
Pencil
89%
Pin
89%
Pen
88%
Ice cube
86%
Golf ball
85%
Leafy
85%
Needle
85%
Tennis ball
85%
Coiny
84%
Eraser
84%
Snowball
84%
Teardrop
83%
Rocky
82%
Woody
82%
Bubble
81%
Blocky
73%
No matching quizzes found
Score Distribution
Percent of People with Each Score
Percentile by Number Answered
Your Score History
You have not taken this quiz